Ročenka ...
| Other Authors: | , , , , , , , , |
|---|---|
| Format: | Serial |
| Language: | Slovak English |
| PhysicalDescription: | zv. fotogr. 30 cm |
| Published: |
Selce
Archinfo
|
| ISBN: | 9788097120504 (brož. : r. 2012/2013) 9788097120528 (brož. : r. 2014/2015) 9788097120535 (brož. : r. 2016/2017) 9788097120542 (brož. : r. 2018/2019) |
| Subjects: |
MARC
| LEADER | 00000cas a2200000 a 4500 | ||
|---|---|---|---|
| 001 | vtls010648125 | ||
| 003 | SK-MaSNL | ||
| 005 | 20260425194123.0 | ||
| 008 | 180104c20uu9999xo gr| 0 b0slo | ||
| 015 | |a SNBB2017-(r. 2006/2007, r. 2012/2013, r. 2014/2015, r. 2016/2017) |a SNBB2018-(r. 2018/2019) | ||
| 020 | |a 9788097120504 (brož. : r. 2012/2013) | ||
| 020 | |a 9788097120528 (brož. : r. 2014/2015) | ||
| 020 | |a 9788097120535 (brož. : r. 2016/2017) | ||
| 020 | |a 9788097120542 (brož. : r. 2018/2019) | ||
| 040 | |a SVKBB |b slo |c SVKBB |d SNK |e AACR2 | ||
| 041 | 0 | |a slo |a eng | |
| 043 | |a e-xo--- | ||
| 044 | |a xo |c SK | ||
| 072 | 7 | |a 06 |x Organizácie všeobecnej povahy |2 konspekt | |
| 072 | 7 | |a 72 |x Architektúra |2 konspekt | |
| 080 | |a 72 |2 2011 | ||
| 080 | |a (437.6) |2 2011 | ||
| 080 | |a (058) |2 2011 | ||
| 080 | |a 050 |2 2011 | ||
| 080 | |a 061-027.561 |2 2001 | ||
| 245 | 0 | 0 | |a Ročenka ... |c Slovenská komora architektov |
| 246 | 1 | 1 | |a Yearbook ... |c The Slovak Chamber of Architects |
| 246 | 1 | 3 | |a Ročenka Slovenskej komory architektov ... |f 2012/2013- |
| 246 | 1 | 1 | |a Yearbook of the Slovak Chamber of Architects ... |
| 260 | |a Selce |b Archinfo | ||
| 300 | |a zv. |b fotogr. |c 30 cm | ||
| 310 | |a 1x za dva roky | ||
| 500 | |a Popis podľa: r. 2006/2007 | ||
| 500 | |a Súčasťou názvu je označenie rokov | ||
| 500 | |a Vydáva Archinfo, vydavateľstvo tlačovín Slovenskej komory architektov, vydavateľ Štefan Moravčík, Selce | ||
| 500 | |a Zostavili: 2012/2013, Viera Hanuláková, Ivana Moncoľová, Juraj Šujan ; 2014/2015, Oľga Miháliková, Imrich Pleidel ; 2016/2017, Imrich Pleidel, Oľga Miháliková, Daniela Bieliková, Michaela Marošová ; 2018/2019, Imrich Pleidel, Oľga Miháliková, Martin Zaiček, Nikola Marošová | ||
| 500 | |a Od roku 2012/2013 sa uvádza názov Ročenka Slovenskej komory architektov ... ako hlavný názov | ||
| 504 | |a Zoznamy architektov | ||
| 546 | |a Súbežný text anglický | ||
| 610 | 2 | 7 | |a Slovenská komora architektov |2 SNKKA |9 99352 |
| 650 | 0 | 7 | |a profesijné organizácie |2 SNKPH |9 85779 |
| 650 | 0 | 7 | |a Professional organizations |2 SNKPHeng |9 266880 |
| 650 | 0 | 7 | |a Architecture |2 SNKPHeng |9 266226 |
| 650 | 0 | 7 | |a architektúra |2 SNKPH |9 722 |
| 651 | 7 | |a Slovensko |2 SNKPH |9 14231 | |
| 651 | 7 | |a Slovakia |2 SNKPHeng |9 92630 | |
| 655 | 7 | |a ročenky |2 SNKPH |9 57146 | |
| 655 | 7 | |a Yearbooks |2 SNKPHeng |9 120938 | |
| 700 | 1 | |a Hanuláková, Viera |4 com |9 268075 | |
| 700 | 1 | |a Moncoľová, Ivana |4 com |9 268076 | |
| 700 | 1 | |a Šujan, Juraj, |d 1964- |4 com |9 238547 | |
| 700 | 1 | |a Miháliková, Oľga |4 com |9 268077 | |
| 700 | 1 | |a Pleidel, Imrich |4 com |9 268078 | |
| 700 | 1 | |a Bieliková, Daniela |4 com |9 42895 | |
| 700 | 1 | |a Marošová, Michaela |4 com |9 268079 | |
| 700 | 1 | |a Moravčík, Štefan, |d 1959- |4 pbl |9 133027 | |
| 700 | 1 | |a Zaiček, Martin, |d 1987- |4 com |9 214561 | |
| 700 | 1 | |a Marošová, Nikola |4 com |9 268080 | |
| 852 | |a Štátna vedecká knižnica v Banskej Bystrici | ||
| 910 | |a snk | ||
| 919 | |a 978-80-971205-0-4 | ||
| 919 | |a 978-80-971205-2-8 | ||
| 919 | |a 978-80-971205-3-5 | ||
| 919 | |a 978-80-971205-4-2 | ||
| 999 | |c 4483 |d 6413 | ||
| 952 | |a SNK |b SNK |y PREZ |7 0 |p 17A1339652 |o snkČSB 6577/2018-2019 |i snk2018/23282 |8 0 |0 0 |1 0 |4 0 |d 2018-11-08 |l 0 |r 2026-02-21 21:58:28 |w 2026-02-21 | ||
| 952 | |a SNK |b SNK |y PREZ |7 0 |p 17A1266615 |o snkČSB 6577/2006-2007 |i snk2017/16682 |8 0 |0 0 |1 0 |4 0 |d 2018-01-04 |l 0 |r 2026-02-21 22:25:57 |w 2026-02-21 | ||
| 952 | |a SNK |b SNK |y PREZ |7 0 |p 17A1266616 |o snkČSB 6577/2012-2013 |i snk2017/17320 |8 0 |0 0 |1 0 |4 0 |d 2018-01-04 |l 0 |r 2026-02-21 22:25:57 |w 2026-02-21 | ||
| 952 | |a SNK |b SNK |y PREZ |7 0 |p 17A1266618 |o snkČSB 6577/2014-2015 |i snk2017/20421 |8 0 |0 0 |1 0 |4 0 |d 2018-01-04 |l 0 |r 2026-02-21 22:25:57 |w 2026-02-21 | ||
| 952 | |a SNK |b SNK |y PREZ |7 0 |p 17A1266619 |o snkČSB 6577/2016-2017 |i snk2017/24446 |8 0 |0 0 |1 0 |4 0 |d 2018-01-04 |l 0 |r 2026-02-21 22:25:57 |w 2026-02-21 | ||


